| 000 | 00471nam a2200157Ia 4500 | ||
|---|---|---|---|
| 999 |
_c20392 _d20392 |
||
| 003 | OSt | ||
| 005 | 20200707144923.0 | ||
| 008 | 190216s9999||||xx |||||||||||||| ||und|| | ||
| 040 | _coclc | ||
| 082 |
_a951.05 _bJOH/P |
||
| 100 |
_aJohnson, Bruce _93629 |
||
| 245 | 0 |
_aPeople`s China Today: _bEye-Witness Reports / _cBruce Johnson |
|
| 260 |
_bPeoples Book House, _c1979. _aMysore: |
||
| 300 | _a208p | ||
| 942 |
_cBK _2ddc _h951.05 _iJOH/P _k951.05 _mJOH/P |
||